U.S. Cities by Percent Chance of a White Christmas - Statistics

General Stats
  • This quiz has been taken 489 times
  • The average score is 4 of 10
Answer Stats
Question Answer % Correct
Which city has the highest chance of having a white Christmas? Des Moines
67%
Which city has the highest chance of having a white Christmas? Lexington
67%
Which city has the highest chance of having a white Christmas? Augusta, ME
56%
Which city has the highest chance of having a white Christmas? Salt Lake City
56%
Which city has the highest chance of having a white Christmas? Fargo
44%
Which city has the highest chance of having a white Christmas? Omaha
33%
Which city has the highest chance of having a white Christmas? Milwaukee
22%
Which city has the highest chance of having a white Christmas? Flagstaff
11%
Which city has the highest chance of having a white Christmas? Spokane
11%
Which city has the highest chance of having a white Christmas? Amarillo
0%
No matching quizzes found
Score Distribution
Percent of People with Each Score
Percentile by Number Answered
Your Score History
You have not taken this quiz